000 00746nam a2200217Ia 4500
003 OSt
005 20251208113543.0
008 210210b2003 xxu||||| |||| 00| 0 eng d
040 _cAL
041 _aKannada
082 _a581.634K ICHG
100 _aIchlamgodu B M
_9241223
110 _aಇಚ್ಲಂಗೋಡು ಬಿ ಎಂ
_9248228
245 _aGidamulikegalu jivaposhaka maragidagalu mattu aushadhiya falagalu
_b: ಗಿಡಮೂಲಿಕೆಗಳು ಜೀವಪೋಷಕ ಮರಗಿಡಗಳು ಮತ್ತು ಔಷಧೀಯ ಫಲಗಳು
260 _aMudubidire
_bKannada Sangha
_c2003
300 _a48p
650 _aMedicinal Plants
_9241224
690 _aEconomic Botany
_9241225
906 _a060007
942 _2ddc
_cBK
999 _c107005
_d107005